Central Library OPAC University of Rajshahi

বাংলাদেশের নাটক : (Record no. 37170)

MARC details
000 -LEADER
fixed length control field 01539ntm a2200265 a 4500
001 - CONTROL NUMBER
control field 37170
003 - CONTROL NUMBER IDENTIFIER
rucl marc code BD-RjUL
005 - DATE AND TIME OF LATEST TRANSACTION
control field 20211209052602.0
008 - FIXED-LENGTH DATA ELEMENTS--GENERAL INFORMATION
fixed length control field 141023s2012 bg a|||| m||| 00| e ben d
035 ## - SYSTEM CONTROL NUMBER
System control number (BD-RjUL)37272
040 ## - CATALOGING SOURCE
Original cataloging agency BD-RjUL
Language of cataloging ben
Transcribing agency BD-RjUL
Modifying agency BD-RjUL
041 ## - LANGUAGE CODE
Language code of text/sound track or separate title ben
082 ## - DEWEY DECIMAL CLASSIFICATION NUMBER
Edition number 21
Classification number 792.095492
Author mark and year SAB 2013
100 ## - MAIN ENTRY--PERSONAL NAME
Personal name সরকার, পুলক কুমার
9 (RLIN) 113669
245 ## - TITLE STATEMENT
Title বাংলাদেশের নাটক :
Remainder of title প্রবণতা ও নিরীক্ষা (১৯৪৭-১৯৭১) /
Statement of responsibility, etc. পুলক কুমার সরকার ;
Linkage তত্ত্বাবধায়কঃ মো. শহীদ ইকবাল.
260 ## - PUBLICATION, DISTRIBUTION, ETC. (IMPRINT)
Place of publication, distribution, etc. রাজশাহী :
Name of publisher, distributor, etc. বাংলা বিভাগ, রাজশাহী বিশ্ববিদ্যালয়,
Date of publication, distribution, etc. ২০১৩.
300 ## - PHYSICAL DESCRIPTION
Pagination [৫], ২৬৪ পাতা ;
Size ৩০ সেমি.
502 ## - DISSERTATION NOTE
Dissertation note থিসিস (পিএইচ.ডি. )--বাংলা বিভাগ, রাজশাহী বিশ্ববিদ্যালয়, ২০১৩
504 ## - BIBLIOGRAPHY, ETC. NOTE
Bibliography, etc গ্রন্থপঞ্জি: পাতা [২৫৫]-২৬৪
600 ## - SUBJECT ADDED ENTRY--PERSONAL NAME
Dates associated with a name
650 ## - SUBJECT ADDED ENTRY--TOPICAL TERM
Topical term or geographic name as entry element বাংলা নাটক
Form subdivision ইতিহাস ও সমালোচনা
Chronological subdivision ১৯৪৭-১৯৭১
Geographic subdivision বাংলাদেশ
9 (RLIN) 113670
Topical term or geographic name as entry element Bengali Drama
Form subdivision History and Criticism
Chronological subdivision 1947-1971
Geographic subdivision Bangladesh
9 (RLIN) 113671
700 ## - ADDED ENTRY--PERSONAL NAME
Personal name ইকবাল, মো. শহীদ, তত্ত্বাবধায়ক
942 ## - ADDED ENTRY ELEMENTS (KOHA)
Source of classification or shelving scheme Dewey Decimal Classification
Koha item type Theses
Holdings
Lost status Source of classification or shelving scheme Damaged status Not for loan Collection code Permanent Location Current Location Shelving location Date acquired Source of acquisition Cost, normal purchase price Total Checkouts Full call number Date last seen Copy number Koha item type
  Dewey Decimal Classification   Not For Loan Theses Central Library, University of Rajshahi Central Library, University of Rajshahi Documentation Section 24/09/2014 Controller of Examination Office, University of Rajshahi, Rajshahi. 0.00   BTHE 792.095492 SAB 2013 22/10/2014 C-1 Theses